[Event "MCRE_SF10"]
[Site "?"]
[Date "2007.??.??"]
[Round "?"]
[White "Trs, Jan"]
[Black "Volek, Stanislav"]
[Result "1/2-1/2"]
[WhiteElo "2207"]
[BlackElo "2305"]
[PlyCount "76"]
[EventDate "2007.??.??"]
[EventType "corr"]
[EventRounds "2"]
[SourceDate "2007.06.22"]

1. c4 Nf6 2. Nc3 c5 3. Nf3 e6 4. g3 b6 5. Bg2 Bb7 6. O-O Be7 7. Re1 Ne4 8. Nxe4
Bxe4 9. d3 Bb7 10. d4 cxd4 11. Qxd4 O-O 12. Bf4 Nc6 13. Qd3 Rc8 14. Rad1 Ba6
15. Qxd7 Bb4 16. Qxd8 Rfxd8 17. Rxd8+ Nxd8 18. Rd1 Bxc4 19. Rc1 Ba6 20. Rxc8
Bxc8 21. Nd4 Be7 22. Bc7 Bd7 23. e3 Bf6 24. a3 Kf8 25. f4 Ke7 26. Be4 Ba4 27.
h3 Kd7 28. Be5 Bxe5 29. fxe5 Nc6 30. Nxc6 Bxc6 31. Bd3 Ba4 32. b4 h6 33. Kf2 a5
34. b5 Bd1 35. Ke1 Bf3 36. Kf2 Bd5 37. e4 Bb3 38. Ke3 Ke7 1/2-1/2

[Event "MCRE_SF10"]
[Site "?"]
[Date "2007.??.??"]
[Round "?"]
[White "Volek, Stanislav"]
[Black "Batka, Josef"]
[Result "1/2-1/2"]
[WhiteElo "2305"]
[BlackElo "2285"]
[PlyCount "77"]
[EventDate "2007.??.??"]
[EventType "corr"]
[EventRounds "2"]
[SourceDate "2007.06.22"]

1. d4 Nf6 2. Nf3 e6 3. c4 d5 4. Nc3 Bb4 5. cxd5 exd5 6. Bg5 Nbd7 7. Qc2 O-O 8.
e3 c5 9. Bd3 Qa5 10. O-O c4 11. Bf5 Re8 12. Nd2 g6 13. Bxd7 Nxd7 14. f3 Nb6 15.
h4 Bf8 16. e4 Bg7 17. Be3 Be6 18. h5 Rac8 19. hxg6 hxg6 20. Rae1 Red8 21. e5
Bf5 22. Qd1 Qb4 23. Qc1 Na4 24. a3 Qa5 25. Bg5 Re8 26. Rf2 Nxc3 27. bxc3 Rc6
28. Nf1 Rb6 29. Rb2 Rb3 30. Rxb3 cxb3 31. Ne3 Be6 32. Qb2 Rc8 33. Rc1 b6 34.
Qxb3 Bxe5 35. dxe5 d4 36. Qd1 Qxe5 37. cxd4 Qxg5 38. Rxc8+ Bxc8 39. Qd2 1/2-1/2

[Event "MCRE_SF10"]
[Site "?"]
[Date "2007.??.??"]
[Round "?"]
[White "Volek, Stanislav"]
[Black "Dedina, Miroslav"]
[Result "1/2-1/2"]
[WhiteElo "2305"]
[BlackElo "2195"]
[PlyCount "99"]
[EventDate "2007.??.??"]
[EventType "corr"]
[EventRounds "2"]
[SourceDate "2007.06.22"]

1. d4 Nf6 2. Nf3 e6 3. Bg5 h6 4. Bh4 c5 5. e3 cxd4 6. exd4 b6 7. Bd3 Bb7 8. O-O
Be7 9. Nbd2 O-O 10. Re1 d6 11. c3 Nbd7 12. Nc4 Qc7 13. Ne3 Rfe8 14. Nd2 Nd5 15.
Nxd5 Bxd5 16. Bxe7 Rxe7 17. Nf1 Nf6 18. Ne3 Bc6 19. Rc1 Rae8 20. c4 Bd7 21. h3
e5 22. Bc2 e4 23. Qd2 a5 24. Bd1 Rc8 25. Be2 Ree8 26. b3 Be6 27. a3 Qa7 28. b4
Rb8 29. Nc2 Qe7 30. bxa5 bxa5 31. Qxa5 Rec8 32. Ne3 Ra8 33. Qb4 Rcb8 34. Qc3
Qa7 35. Ra1 Qa5 36. Qxa5 Rxa5 37. Rec1 Rba8 38. Rc3 g6 39. c5 dxc5 40. dxc5 Kg7
41. c6 Ne8 42. f3 exf3 43. Bxf3 Nc7 44. Nc2 Nb5 45. Re3 Ra4 46. Re4 Rxe4 47.
Bxe4 Ra4 48. Bf3 Kf6 49. Rd1 Rc4 50. Rb1 1/2-1/2

[Event "MCRE_SF10"]
[Site "?"]
[Date "2007.??.??"]
[Round "?"]
[White "Volek, Stanislav"]
[Black "Kratochvil, Vaclav"]
[Result "1-0"]
[WhiteElo "2305"]
[BlackElo "2227"]
[PlyCount "119"]
[EventDate "2007.??.??"]
[EventType "corr"]
[EventRounds "2"]
[SourceDate "2007.06.22"]

1. d4 d5 2. Nf3 Nf6 3. c4 e6 4. Nc3 c6 5. e3 Nbd7 6. Qc2 Bd6 7. g4 Nxg4 8. Rg1
Nh6 9. Bd2 Nf5 10. e4 dxe4 11. Nxe4 Be7 12. O-O-O Nf6 13. Bd3 Nxe4 14. Bxe4 g6
15. d5 cxd5 16. cxd5 exd5 17. Bc3 Qc7 18. Bxd5 O-O 19. Ne5 Qb6 20. Qe2 Bf6 21.
Nxg6 Bxc3 22. Ne5+ Ng7 23. bxc3 Bf5 24. Bb3 Qc7 25. Kb2 Rac8 26. Qe3 Kh8 27.
Nc4 Rfe8 28. Qd4 Re2+ 29. Ka1 Bg6 30. Nd6 Qxc3+ 31. Qxc3 Rxc3 32. Nxf7+ Bxf7
33. Bxf7 Rc8 34. Rd7 Rxf2 35. Bb3 Nh5 36. h4 b5 37. Rxa7 b4 38. Rc7 Rcf8 39.
Rg5 Rh2 40. Bc2 Nf6 41. Rc4 Rd8 42. Rgc5 Rb8 43. Rc7 Rg2 44. Rf7 Rb6 45. Rc8+
Rg8 46. Rcc7 Ra8 47. Rb7 Rxb7 48. Rxb7 Rc8 49. Bb3 Ne4 50. Rxb4 Nc5 51. Rg4 h6
52. Bc2 Rg8 53. Rxg8+ Kxg8 54. Kb2 Kf7 55. Kc3 Ke6 56. Kd4 Nd7 57. Bb3+ Ke7 58.
Kd5 Nb8 59. Ke5 Nc6+ 60. Kf5 1-0

[Event "MCRE_SF10"]
[Site "?"]
[Date "2007.??.??"]
[Round "?"]
[White "Volek, Stanislav"]
[Black "Mezera, Lukas"]
[Result "1/2-1/2"]
[WhiteElo "2305"]
[BlackElo "2285"]
[PlyCount "52"]
[EventDate "2007.??.??"]
[EventType "corr"]
[EventRounds "2"]
[SourceDate "2007.06.22"]

1. d4 d5 2. Nf3 e6 3. c4 c6 4. Qc2 Nf6 5. Bg5 Nbd7 6. e3 Qa5+ 7. Nbd2 Ne4 8.
Bf4 Bb4 9. cxd5 exd5 10. Bd3 Ndf6 11. Ke2 Nxd2 12. Nxd2 Nh5 13. Be5 f6 14. Nb3
Qb6 15. Bg3 Nxg3+ 16. hxg3 h6 17. Bg6+ Kd8 18. Kf1 Qb5+ 19. Kg1 Qc4 20. Qd1 Bd6
21. Rc1 Qa4 22. a3 Be6 23. Qd3 Qb5 24. Qxb5 cxb5 25. Nc5 Bxc5 26. Rxc5 a6
1/2-1/2

[Event "MCRE_SF10"]
[Site "?"]
[Date "2007.??.??"]
[Round "?"]
[White "Volek, Stanislav"]
[Black "Priesol, Daniel"]
[Result "1/2-1/2"]
[WhiteElo "2305"]
[BlackElo "2288"]
[PlyCount "34"]
[EventDate "2007.??.??"]
[EventType "corr"]
[EventRounds "2"]
[SourceDate "2007.06.22"]

1. d4 Nf6 2. Nf3 e6 3. Bg5 c5 4. e3 h6 5. Bxf6 Qxf6 6. Nbd2 cxd4 7. exd4 Nc6 8.
c3 d5 9. Bd3 Bd6 10. Qe2 O-O 11. O-O Re8 12. Rae1 e5 13. dxe5 Nxe5 14. Nxe5
Bxe5 15. Qd1 Bd7 16. Nf3 Bc7 17. Bc2 Bb5 1/2-1/2

[Event "MCRE_SF10"]
[Site "?"]
[Date "2007.??.??"]
[Round "?"]
[White "Volek, Stanislav"]
[Black "Svrsek, Radomir"]
[Result "1/2-1/2"]
[WhiteElo "2305"]
[BlackElo "2159"]
[PlyCount "96"]
[EventDate "2007.??.??"]
[EventType "corr"]
[EventRounds "2"]
[SourceDate "2007.06.22"]

1. d4 Nf6 2. Nf3 d5 3. Bg5 Ne4 4. Bf4 c5 5. c3 cxd4 6. Nxd4 f6 7. f3 Nd6 8.
Bxd6 Qxd6 9. Nd2 e5 10. N4b3 Be6 11. e4 Qc7 12. exd5 Bxd5 13. Bb5+ Nd7 14. Qe2
O-O-O 15. O-O Kb8 16. Rfd1 Be7 17. a4 a6 18. Bc4 Nb6 19. Bxd5 Nxd5 20. a5 h5
21. Qc4 b5 22. Qxc7+ Kxc7 23. Ne4 Kc6 24. Re1 h4 25. Rad1 Nf4 26. Nf2 Rxd1 27.
Rxd1 b4 28. c4 g6 29. Kf1 Ne6 30. Rd5 Re8 31. g3 Rh8 32. Kg2 Ra8 33. Kf1 Rf8
34. Kg2 Rg8 35. Kf1 Rb8 36. Kg2 Rc8 37. Kf1 Nc7 38. Rd1 hxg3 39. hxg3 Ne6 40.
Rd5 Rf8 41. Kg2 Rb8 42. Kf1 Rh8 43. Kg2 Rg8 44. Kf1 Re8 45. Kg2 Ra8 46. Kf1 Ra7
47. Ke2 Rc7 48. Ng4 Rc8 1/2-1/2

[Event "MCRE_SF10"]
[Site "?"]
[Date "2007.??.??"]
[Round "?"]
[White "Volek, Stanislav"]
[Black "Trs, Jan"]
[Result "1/2-1/2"]
[WhiteElo "2305"]
[BlackElo "2207"]
[PlyCount "69"]
[EventDate "2007.??.??"]
[EventType "corr"]
[EventRounds "2"]
[SourceDate "2007.06.22"]

1. d4 Nf6 2. Nf3 g6 3. Nc3 d5 4. Bf4 Bg7 5. e3 O-O 6. Be2 Nbd7 7. Ne5 c6 8. Qd2
Nxe5 9. Bxe5 Ne4 10. Nxe4 Bxe5 11. dxe5 dxe4 12. Qc3 Be6 13. O-O Qb6 14. Rfd1
Rfd8 15. Rd4 Rd5 16. Rxd5 cxd5 17. Qd4 g5 18. Qxb6 axb6 19. g4 Kg7 20. a3 f6
21. exf6+ Kxf6 22. Kg2 Bf7 23. Rd1 e5 24. Kg3 Rd8 25. c3 Ke7 26. h4 h6 27. hxg5
hxg5 28. Bb5 Ke6 29. Rh1 Bg6 30. Kg2 Kf6 31. Rd1 Ke7 32. Ba4 Bf7 33. Kg3 Rd6
34. Bb5 Bg6 35. a4 1/2-1/2